An idea and its servants : UNESCO from within
Saved in:
| Main Author: | |
|---|---|
| Format: | Book |
| Language: | English |
| Published: |
London :
Chatto and Windus,
1978
|
| Subjects: | |
| Tags: |
Add Tag
No Tags, Be the first to tag this record!
|
MARC
| LEADER | 00000cam a2200000 i 4500 | ||
|---|---|---|---|
| 001 | 1/92053 | ||
| 008 | 970402s1978 eng d | ||
| 020 | |a 0-7011-2371-0 | ||
| 035 | |l 10008301 | ||
| 040 | |a GR-MY-UA |b gre |e aacr | ||
| 041 | 0 | |a eng | |
| 082 | 0 | |a 341.767 | |
| 100 | 1 | |a Hoggart, Richard |d 1918-2014. | |
| 245 | 1 | 3 | |a An idea and its servants : |b UNESCO from within / |c Richard Hoggart |
| 260 | |a London : |b Chatto and Windus, |c 1978 | ||
| 300 | |a 220 p.; |c 23 cm | ||
| 504 | |a Bibliography: p. [214]-218. Includes index | ||
| 610 | 2 | 0 | |a Unesco |x History. |
| 852 | |a INST |b LESVOS |e 19970402 |h 341.767 HOG |p 005100011646 |q 005100011646 |t BK |y 0 | ||
| 909 | |a Λ |b 013874 | ||